Suplemento al Diccionario crítico de los escritores catalanes (Burgos, 1849) / (Record no. 180054)
[ view plain ]
| 000 -LEADER | |
|---|---|
| campo de control de longitud fija | 00992nam a2200241 i 4500 |
| 001 - NÚMERO DE CONTROL | |
| campo de control | 180054 |
| 003 - IDENTIFICADOR DE NÚMERO DE CONTROL | |
| campo de control | ES-MaACL |
| 005 - FECHA Y HORA DE LA ÚLTIMA TRANSACCIÓN | |
| campo de control | 20230906220958.0 |
| 008 - DATOS DE LONGITUD FIJA--INFORMACIÓN GENERAL | |
| campo de control de longitud fija | 120404r19731849sp h b |||| |dspa d |
| 020 ## - NÚMERO INTERNACIONAL ESTÁNDAR DEL LIBRO | |
| Número Internacional Estándar del Libro | 84-7256-015-5 |
| 080 ## - NÚMERO DE LA CLASIFICACIÓN DECIMAL UNIVERSAL | |
| Número de la Clasificación Decimal Universal | 016:[92:849.9 |
| 100 1# - ENTRADA PRINCIPAL--NOMBRE DE PERSONA | |
| Nombre de persona | Corminas, Juan. |
| 9 (RLIN) | 40598 |
| 245 10 - MENCIÓN DEL TÍTULO | |
| Título | Suplemento al Diccionario crítico de los escritores catalanes (Burgos, 1849) / |
| Mención de responsabilidad, etc. | per Joan Corminas. |
| 260 ## - PUBLICACIÓN, DISTRIBUCIÓN, ETC. | |
| Lugar de publicación, distribución, etc. | Barcelona : |
| Nombre del editor, distribuidor, etc. | Curial, |
| Fecha de publicación, distribución, etc. | 1973. |
| 300 ## - DESCRIPCIÓN FÍSICA | |
| Extensión | 368 p., [2] h. ; |
| Dimensiones | 23 cm. |
| 490 1# - MENCIÓN DE SERIE | |
| Mención de serie | Documents de cultura-facsímils ; |
| Designación de volumen o secuencia | 2 |
| 534 ## - NOTA SOBRE LA VERSIÓN ORIGINAL | |
| Frase introductoria | Reprod. de la ed. publ. originalmente bajo el tít. |
| Mención de título del original | Suplemento á las Memorias para ayudar a formar un diccionario crítico de los escritores catalanes, |
| Publicación, distribución, etc. del original | Burgos : Imp. de Arnaiz, 1849. |
| 650 07 - PUNTO DE ACCESO ADICIONAL DE MATERIA--TÉRMINO DE MATERIA | |
| Término de materia o nombre geográfico como elemento de entrada | Escritores catalanes- |
| Subdivisión de forma | Biobibliografías. |
| 9 (RLIN) | 12382 |
| 650 #4 - PUNTO DE ACCESO ADICIONAL DE MATERIA--TÉRMINO DE MATERIA | |
| Término de materia o nombre geográfico como elemento de entrada | Literatura catalana- |
| Subdivisión de forma | Diccionarios. |
| 9 (RLIN) | 155213 |
| 830 0# - PUNTO DE ACCESO ADICIONAL DE SERIE-TÍTULO UNIFORME | |
| Título uniforme | Documents de cultura-facsímils ; |
| Designación de volumen o secuencia | 2 |
| 9 (RLIN) | 191160 |
| 852 ## - LOCALIZACIÓN | |
| Ubicación | ES-MaACL |
| Número de control de estantería | C-54682 |
| Estatus retirado | Estado de pérdida | Estado de daño | No para préstamo | Colección | Biblioteca de origen | Biblioteca actual | Ubicación en estantería | Fecha de adquisición | Fuente de adquisición | Total de préstamos | Signatura topográfica completa | Código de barras | Visto por última vez | Precio de reemplazo | Tipo de ítem Koha |
|---|---|---|---|---|---|---|---|---|---|---|---|---|---|---|---|
| Colección de referencia | Biblioteca del Ateneo de Madrid | Biblioteca del Ateneo de Madrid | Depósito 2 | 04/04/2012 | C-54682 | 1189180 | 23/02/2023 | 23/02/2023 | Libro impreso |
